000 00338nam a22001217a 4500
008 180605b xxu||||| |||| 00| 0 eng d
041 _aeng
080 _a043.3
100 _a0
101 _aMBE-BA
245 _aNormat e kamates te bankave komerciale ne Kosove. Analiza Statistikore e metodikes se llogaritjes
_cHoti, E
942 _2udc
_cBK
999 _c46321
_d46321